Statistics for The Most Random Stuff #2

Click here to take the quiz!

General Stats

  • This quiz has been taken 11 times
  • The average score is 6 of 16

Answer Stats

HintAnswer% Correct
McDonald’s famous burgerBig Mac
89%
Harry Potter’s bankGringotts
78%
Color of a peanut M&M’s bagYellow
67%
Game in which an impostor is typically considered “sus”Among Us
56%
Steve Harvey current hairstyleBald
56%
Atlanta NBA teamHawks
44%
Jimmy Buffett lyrics: Cheeseburger in _____Paradise
44%
Capital of LaosVientiane
33%
The NFL’s Watt brothers are from this stateWisconsin
33%
Peppa Pig’s teacherMadame Gazelle
22%
Player on the cover of Madden NFL 12Peyton Hillis
22%
Host of America SaysJohn Michael Higgins
11%
The only non-Mii Kritter has chemistry with in Mario Super SluggersKing K. Rool
11%
Swedish hypercar manufacturerKoenigsegg
11%
Tony Lamb is the CEO of this companyKona Ice
11%
Place in which Lightning McQueen’s lawyer has a timeshareTahiti
11%

Score Distribution

Percentile by Number Answered

Percent of People with Each Score

Your Score History

You have not taken this quiz